| 000 | 00917cam a22002894a 4500 | ||
|---|---|---|---|
| 001 | 16397408 | ||
| 003 | OSt | ||
| 005 | 20260226104715.0 | ||
| 008 | 100811s2010 enka b 001 0 eng | ||
| 010 | _a 2010483037 | ||
| 020 | _a9780230243095 | ||
| 040 |
_aMUST LIB _cMUST _dMUST |
||
| 043 |
_ae------ _an-us--- _aa-ja--- |
||
| 050 | 0 | 0 |
_aHG173 _b.V184 2010 |
| 082 | 0 | 0 |
_a332.1 VAL 2010 _222 |
| 100 | 1 |
_aValdez, Stephen; Molyneux, Philip. _919008 |
|
| 245 | 1 | 3 | _aAn Introduction to Global Financial Markets |
| 250 | _a6th ed. | ||
| 260 |
_aHoundmills; _bPalgrave Macmillan, _c2010. |
||
| 300 |
_axxvi, 502 p. : _bill. ; _c24 cm. |
||
| 504 | _aIncludes bibliographical references and index. | ||
| 650 | 0 |
_aFinancial market _95401 |
|
| 650 | 0 |
_aFinancial institutions _919013 |
|
| 906 |
_a7 _bcbc _corigcop _d2 _encip _f20 _gy-gencatlg |
||
| 942 |
_2ddc _cO_SHELF |
||
| 999 |
_c9299 _d9299 |
||